ESSAYS and notes on food, cookery and cookery books

Gorde:
Xehetasun bibliografikoak
Formatua: Liburua
Hizkuntza:ingelesa
Argitaratua: Prospect Books 2001
Etiketak: Etiketa erantsi
Etiketarik gabe, Izan zaitez lehena erregistro honi etiketa jartzen!

MARC

LEADER 00000nam a22000007a 4500
008 201217b ||||| |||| 00| 0 eng d
245 |a ESSAYS and notes on food, cookery and cookery books  |c Tom Jaine  |e (Petits Propos Culinaires 68) 
260 |b Prospect Books  |c 2001  |d Books  |h  Devon U.K  |i 669169   |l TX663 .P44  |m Cooking, English – Textbook etc 
942 |a lcc  |c BK  |e Adekanye I.H  |f 17/12/2020 
952 |0 0  |1 0  |2 lcc  |4 0  |6 TX0663 P44  |7 0  |9 689  |a HOL  |b HOL  |c QZ  |d 2020-12-17  |l 0  |o TX663 .P44  |p 2020-229915  |r 2020-12-17 00:00:00  |w 2020-12-17  |y BK 
999 |c 387  |d 387